|
|
|
|
| LEADER |
01005nam a2200241 a 4500 |
| 001 |
3185580 |
| 008 |
090618s1967 enkac b 001 0 eng d |
| 010 |
|
|
|a 76379636
|
| 020 |
|
|
|a 0500080453
|
| 040 |
|
|
|a DLC
|c DLC
|d DLC
|
| 082 |
0 |
0 |
|a 759.4
|2 17
|
| 100 |
1 |
|
|a Rosenblum, Robert.
|
| 245 |
1 |
0 |
|a Jean-Auguste-Dominique Ingres /
|c text by Robert Rosenblum.
|
| 260 |
|
|
|a London,
|b Thames & Hudson,
|c 1967.
|
| 300 |
|
|
|a 128 p.
|b illus. (incl. 48 col.), ports.
|c 33 cm.
|
| 490 |
0 |
|
|a The Library of great painters
|
| 504 |
|
|
|a "Bibliographical note": p. 176.
|
| 541 |
1 |
|
|e 00008423
|
| 600 |
1 |
0 |
|a Ingres, Jean-Auguste-Dominique,
|d 1780-1867
|x Criticism and interpretation.
|
| 700 |
1 |
|
|a Ingres, Jean-Auguste-Dominique,
|d 1780-1867.
|
| 852 |
4 |
|
|a Ayesha Abed Library
|j General shelf
|
| 999 |
|
|
|c 964
|d 964
|
| 952 |
|
|
|0 0
|1 0
|2 ddc
|4 0
|6 759_400000000000000_ROS_1990
|7 0
|9 869
|a BRACUL
|b BRACUL
|c GEN
|d 2009-06-21
|g 0.00
|l 3
|m 16
|o 759.4 ROS
|p 3010008423
|r 2017-08-28
|s 2017-05-09
|t 1
|w 2009-06-21
|y BK
|x No price found in the accession register.
|